| 000 | 00897nam a22001937a 4500 | ||
|---|---|---|---|
| 999 |
_c61014 _d61014 |
||
| 005 | 20231206170853.0 | ||
| 008 | 231206s1991 ru ||||| |||| 00| 0 rus d | ||
| 041 | _arus | ||
| 080 | _a94(37+38):355.48 Ц-31 | ||
| 100 |
_a Цезарь, Гай Юлий _920607 |
||
| 245 |
_aЗаписки Юлия Цезаря и его продолжателей : _cГай Юлий Цезарь; Перевод М.М. Покровского. _bО Галльской войне / |
||
| 264 |
_aМосква : _bДень, _c1991. |
||
| 300 |
_a189 с. _b22 см. |
||
| 653 | _aიულიუს კეისრისა და მისი მემკვიდრეების ჩანაწერები | ||
| 653 | _aისტორია | ||
| 653 | _aარქეოლოგია | ||
| 700 |
_aПокровский, М.М. _eმთარგმნელი _920608 |
||
| 942 |
_2udc _cᲬᲘᲒᲜᲘ |
||